Polyfunkčný bytový dom Kerling, Banská Štiavnica

Salvato in:
Dettagli Bibliografici
Autore principale: Lučkanič, Tomáš (Autore)
Altri autori: Puškár, Branislav (Relatore della tesi)
Natura: Manoscritto Libro
Lingua:slovacco
Pubblicazione: Bratislava 2018
Soggetti:
Accesso online:http://is.stuba.sk/zp/portal_zp.pl?podrobnosti=137138
Tags: Aggiungi Tag
Nessun Tag, puoi essere il primo ad aggiungerne!!

MARC

LEADER 00000ntm a22000003a 4500
001 stuzp68246
003 SK-STU
005 20201002112446.7
007 ta
008 150427s2015----xo-----f-mn---000-0-slo-d
040 |a STU  |b slo 
041 0 |a slo 
100 1 |a Lučkanič, Tomáš  |u 051110  |4 aut  |U FAD Fakulta architektúry  |T FA Ústav architektúry obytných budov  |X 70280  |U A1110  |Y 392  |7 70280 
242 0 1 |a Multifunctional apartment house Kerling, Banská Štiavnica  |y eng 
245 1 0 |a Polyfunkčný bytový dom Kerling, Banská Štiavnica 
260 |c 2018  |a Bratislava 
650 4 |a polyfunkcia  |2 slo 
650 4 |a bývanie  |2 slo 
650 4 |a Banská Štiavnica  |2 slo 
650 4 |a bytový dom  |2 slo 
650 4 |a residential building  |2 eng 
650 4 |a housing  |2 eng 
650 4 |a Banská Štiavnica  |2 eng 
650 4 |a multi-purpose,  |2 eng 
700 1 |a Puškár, Branislav  |u 051110  |k Z1  |4 ths  |U FAD Fakulta architektúry  |T FA Ústav architektúry obytných budov  |X 5199  |U A1110  |Y 392  |7 A000005199 
856 4 |u http://is.stuba.sk/zp/portal_zp.pl?podrobnosti=137138  |u https://opac.crzp.sk/?fn=detailBiblioForm&sid=752BE197E3AE405D448DF279404B